Ciel et espace #2 - Statistiques

Statistiques générales
  • Ce quiz a été pris 70 fois
    22 depuis la dernière actualisation
  • Le résultat moyen est 15 sur 20
Answers on the Grid
Answers color-coded by a green-red scale on the quiz's grid according to % correct below.
La seule étoile visible de jour est le Soleil.
Le Soleil est éternel
Mercure est une planète tellurique
La Lune émet sa propre lumière
L'unité de distance correspondant à 9460 milliards de kilomètres est l'unité astronomique
L'unité de distance correspondant à 9460 milliards de kilomètres est l'année lumière
La galaxie où se trouve le Système Solaire est la Voie Lactée
Le Système Solaire comporte 12 planètes
Les formes constituées par les étoiles s'appellent des constellations
Observer le Soleil avec un télescope ou même à l'oeil nu peut entrainer des lésions rétiniennes
La Lune est une étoile
La planète surnommée "Planète rouge" est Mars
Regarder le Soleil à l'oeil nu est nocif
Regarder la Lune à l'oeil nu est nocif
Le Soleil n'émet pas de rayons infrarouges
Le Soleil tel qu'on le connait disparaitra dans 5 milliards d'années environ
Lors d'une éclipse solaire, la lumière du Soleil est tellement atténuée qu'on peut le regarder à l'oeil nu sans danger
Le système solaire comporte quatre planètes telluriques
Saturne est une planète gazeuse
La Terre est la seule planète du système solaire où la vie existe
Pluton n'est plus considérée comme planète du fait de sa petite taille
Un tour de la Terre autour du Soleil prend 24 heures et correspond à une journée
Un tour de la Terre autour du Soleil correspond à une année, soit 365 jours et 6 heures
Il faut 6 mois pour aller de la Terre à Mars
Notre galaxie est Andromède
Le système solaire est situé en périphérie de notre galaxie
La Lune réfléchit une infime partie de la lumière du Soleil
La seule étoile du système solaire est le Soleil
La planète située juste après Mars est Jupiter
Voir loin, c'est voir le passé
 
Statistiques - réponses
Réponse % Correct
La galaxie où se trouve le Système Solaire est la Voie Lactée
94%
La Terre est la seule planète du système solaire où la vie existe
94%
Les formes constituées par les étoiles s'appellent des constellations
82%
Voir loin, c'est voir le passé
82%
La planète surnommée "Planète rouge" est Mars
76%
Le Soleil tel qu'on le connait disparaitra dans 5 milliards d'années environ
76%
Pluton n'est plus considérée comme planète du fait de sa petite taille
76%
Regarder le Soleil à l'oeil nu est nocif
76%
Il faut 6 mois pour aller de la Terre à Mars
71%
La Lune réfléchit une infime partie de la lumière du Soleil
71%
La planète située juste après Mars est Jupiter
71%
La seule étoile du système solaire est le Soleil
71%
Le système solaire est situé en périphérie de notre galaxie
71%
L'unité de distance correspondant à 9460 milliards de kilomètres est l'année lumière
71%
Mercure est une planète tellurique
71%
Un tour de la Terre autour du Soleil correspond à une année, soit 365 jours et 6 heures
71%
La seule étoile visible de jour est le Soleil.
65%
Le système solaire comporte quatre planètes telluriques
59%
Observer le Soleil avec un télescope ou même à l'oeil nu peut entrainer des lésions rétiniennes
59%
Saturne est une planète gazeuse
59%
Aucun quiz correspondant
Distribution des résultats
% des personnes avec chaque résultat
Percentile par nombre de réponses
Votre historique - résultats
Vous n’avez pas pris ce quiz depuis la dernière actualisation